Del populismo penal a la punitividad : (Registro nro. 7824)
[ vista simple ]
| 000 -LEADER | |
|---|---|
| fixed length control field | 02149nam a2200325Ia 4500 |
| 003 - CONTROL NUMBER IDENTIFIER | |
| control field | CO-CtgCURN |
| 005 - DATE AND TIME OF LATEST TRANSACTION | |
| control field | 20250329173538.0 |
| 007 - PHYSICAL DESCRIPTION FIXED FIELD--GENERAL INFORMATION | |
| fixed length control field | cr zz aaaaaaaa |
| 008 - FIXED-LENGTH DATA ELEMENTS--GENERAL INFORMATION | |
| fixed length control field | 200806s2017 xx 000 0 und d |
| 020 ## - INTERNATIONAL STANDARD BOOK NUMBER | |
| International Standard Book Number | 9789588934839 |
| 040 ## - CATALOGING SOURCE | |
| Original cataloging agency | CO-CtgCURN |
| Language of cataloging | spa |
| Transcribing agency | coctgcurn |
| 082 ## - DEWEY DECIMAL CLASSIFICATION NUMBER | |
| Classification number | 305.4 |
| Item number | V432 |
| 100 ## - MAIN ENTRY--PERSONAL NAME | |
| Personal name | Velandia Montes, Rafael |
| Relator term | autor |
| 9 (RLIN) | 7978 |
| 245 #0 - TITLE STATEMENT | |
| Title | Del populismo penal a la punitividad : |
| Remainder of title | la política penal en Colombia en el siglo XXI |
| Medium | [electronic resource] / |
| Statement of responsibility, etc. | Rafael Velandia Montes |
| 260 ## - PUBLICATION, DISTRIBUTION, ETC. | |
| Place of publication, distribution, etc. | Bogotá, Colombia : |
| Name of publisher, distributor, etc. | Universidad Católica de Colombia, |
| Date of publication, distribution, etc. | 2017 |
| 300 ## - PHYSICAL DESCRIPTION | |
| Extent | recurso en línea (90 páginas) : |
| 336 ## - CONTENT TYPE | |
| Content type term | texto |
| Content type code | txt |
| 337 ## - MEDIA TYPE | |
| Media type term | computador |
| Media type code | c |
| 338 ## - CARRIER TYPE | |
| Carrier type term | recurso en línea |
| Carrier type code | cr |
| 490 ## - SERIES STATEMENT | |
| Series statement | Colección Jus penal, |
| Volume/sequential designation | 16 |
| 504 ## - BIBLIOGRAPHY, ETC. NOTE | |
| Bibliography, etc. note | Incluye referencias bibliográficas (p. 81-89) |
| 505 ## - FORMATTED CONTENTS NOTE | |
| Formatted contents note | Populismo penal vs. punitividad -- Ley 1761 de 2015: feminicidio -- La necesidad de la criminalización del feminicidio -- El aumento de la violencia contra las mujeres -- La incapaz justicia colombiana y la violencia contra la mujer -- Ley 1773 de 2016: la corrosión de la ultima ratio -- Los ataques con ácido y la mujer -- El daño grave e irreparable de los ataques con ácido -- Ataques con ácido y el derecho comparado -- Impunidad y ataques con ácido |
| 520 ## - SUMMARY, ETC. | |
| Summary, etc. | El examen sobre las citadas normas ha evidenciado en ellas la presencia de los elementos característicos del fenómeno social punitividad que es aquel en el que se recurre al derecho penal como única herramienta estatal para hacer frente a toda clase de conflictos sociales violando todos sus principios y con el propósito de satisfacer intereses de naturaleza individual de quienes promueven las transformaciones legislativas. |
| 590 ## - LOCAL NOTE (RLIN) | |
| Local note | Programa de Derecho_18 |
| 650 ## - SUBJECT ADDED ENTRY--TOPICAL TERM | |
| Topical term or geographic name entry element | Delitos contra la mujer |
| General subdivision | aspectos jurídicos |
| 9 (RLIN) | 7979 |
| 650 ## - SUBJECT ADDED ENTRY--TOPICAL TERM | |
| Topical term or geographic name entry element | Derecho penal |
| 9 (RLIN) | 7980 |
| 856 ## - ELECTRONIC LOCATION AND ACCESS | |
| Uniform Resource Identifier | <a href="https://unicurn.sharepoint.com/:b:/s/biblioteca/EVJzlWaYGCBCnit8K2XHd1YBN_0zpGQ1iLTQiLkT5ODXfA?e=4vE67h">https://unicurn.sharepoint.com/:b:/s/biblioteca/EVJzlWaYGCBCnit8K2XHd1YBN_0zpGQ1iLTQiLkT5ODXfA?e=4vE67h</a> |
| Public note | Vea este libro electrónico |
| 942 ## - ADDED ENTRY ELEMENTS (KOHA) | |
| Koha item type | Libros electrónicos |
| Classification part | 305.4 |
| Item part | V432 |
| Source of classification or shelving scheme | Dewey Decimal Classification |
| Withdrawn status | Lost status | Source of classification or shelving scheme | Damaged status | Not for loan | Collection | Home library | Current library | Shelving location | Date acquired | Total checkouts | Full call number | Date last seen | Price effective from | Koha item type |
|---|---|---|---|---|---|---|---|---|---|---|---|---|---|---|
| Dewey Decimal Classification | Libros electrónicos | Miguel Henríquez Castañeda Barranquilla | Miguel Henríquez Castañeda Barranquilla | 08/05/2020 | 305.4 V432 | 08/06/2020 | 08/06/2020 | Libros electrónicos |